MDQL
is popping MORE tags! Check the
thread
!
Quizzes
Events
Quiz Creation
Community
Videos
Private Events
Remove Ads
Sign In
Join for FREE
Feedback
Dark Mode
Quiz Categories
Sports
Geography
Music
Movies
Television
Just For Fun
Miscellaneous
History
Literature
Language
Science
Gaming
Entertainment
Religion
Holiday
For Kids
Quiz Lab
Recent
Popular Today
Quiz Kudos Today
Editor Picks
Curator Picks
Quizzes by...
Day
Popularity
Type
Ratings
Length
Year
Community
Subscriptions
Recent Discussions
Orange Saloon
Badges
Playlists
Quests
Create
Leaderboards
Showdown
Live 5
Trivia Bingo
Activity
Puzzle Library
Sporcle Events
Private Events
Virtual Trivia
Globe League
Become a Host
Pub Owners
SporcleCon
Opinionation
Our Games
Videos
Blog
Mobile Apps
Partnerships
Remove Ads and Go Orange
Feedback
Music
Pop Music
The Beatles
Song
Album
Lyrics
Bands
Singers
Artist
Clip
Rock
Rap
Classical
Billboard
Country Music
Kpop
Taylor Swift
Music
Pop Music
The Beatles
Song
Album
Lyrics
Bands
Singers
Artist
Clip
Rock
Rap
Classical
Billboard
Country Music
Kpop
Taylor Swift
Random Quiz
Search Sporcle
×
Quiz Lab
Quiz Lab
Music
Kpop
Type in answers that appear in a list
Type in answers that appear in a list
Classic
Best Score? Go Orange.
Name the kpop groups! Stats
Can you name the Kpop groups -boys and girls?
By
Petersinger
15m
159 Questions
3,197 Plays
3,197 Plays
3,197 Plays
Comments
Comments
Give Quiz Kudos
Give Quiz Kudos
-
- Ratings
hide this ad
Replay
Link that replays current quiz
Next Quiz
Link to next quiz in quiz playlist
You Got
0%
They Got
Avg Score
41%
Avg Friend Score
Upgrade to see
Score Distribution
Jump to the score distribution portion of the page
Score
0/159
Timer
15:00
0
Plays Today
Answer
% Correct
exo
93.4%
bts
93.4%
girls' generation
93%
b.i.g
92.7%
big bang
90.9%
got7
87.9%
super junior
87.5%
blackpink
86.6%
shinee
86.5%
2ne1
86.1%
2pm
83.6%
red velvet
83.5%
ikon
82.4%
seventeen
82.4%
btob
82.2%
4minute
82%
2am
81.9%
aoa
81.2%
twice
80%
vixx
79.6%
f(x)
79.4%
sistar
78.9%
apink
77.9%
block b
77.5%
winner
77.4%
b.a.p
77.4%
infinite
77%
gfriend
76.7%
nct
76.6%
miss a
76.5%
tvxq
75.7%
monsta x
75.6%
beast
75.4%
wonder girls
73.6%
kara
72.9%
cn blue
72.3%
t-ara
72.1%
exid
70%
girl's day
69.7%
ft island
69.3%
boyfriend
69%
after school
68.7%
teen top
67.9%
mamamoo
66.9%
b1a4
66%
nu'est
64.1%
jyj
62.4%
pentagon
62.2%
lovelyz
60.6%
u-kiss
58.3%
day6
58.2%
clc
57.5%
astro
57.4%
Answer
% Correct
mblaq
57%
brown eyed girls
56.9%
shinhwa
56.6%
ze:a
56.1%
h.o.t
54.5%
rainbow
53.7%
up10tion
52.9%
sf9
52.6%
secret
52.2%
oh my girl
51%
knk
49.8%
k.a.r.d
49.8%
topp dogg
48.9%
100%
47.9%
hello venus
47.8%
dalshabet
47.6%
crayon pop
47.4%
sonamoo
47.3%
epik high
46.9%
nine muses
46.5%
fiestar
46.1%
akdong musician
42.5%
n.flying
42.1%
history
41.4%
stellar
41.1%
ss501
40.2%
uniq
40.1%
c-clown
39.4%
april
39.4%
madtown
38.9%
g.o.d
38.9%
24k
38.4%
15&
38.1%
ladies code
37.6%
bestie
37.5%
jjcc
37.2%
cross gene
37.1%
myname
37%
boys republic
36.1%
spica
35.9%
speed
35.7%
davichi
35.1%
s.e.s
32.6%
rania
32.1%
a-jax
31.5%
laboum
29.9%
dia
27.3%
high4
26.5%
snuper
25.3%
hotshot
25.3%
bigstar
25.2%
romeo
24.9%
imfact
24.8%
Answer
% Correct
royal pirates
23.6%
vromance
23.1%
bigflo
23%
m.i.b
22.7%
9muses
22.5%
f.cuz
22.3%
ledapple
22.1%
the ark
21.3%
co-ed
21.2%
glam
21%
alphabat
20.5%
evol
20.4%
mr.mr
20.1%
jewelry
19.8%
tiny-g
19.6%
map6
18.8%
5dolls
18.6%
tahiti
18.4%
AA
18.1%
fin.kl
18%
wonder boyz
17.9%
dalmatian
17.4%
lunafly
17.1%
halo
15.6%
lc9
14.8%
2eyes
14.2%
btl
14.1%
sechskies
13.8%
the legend
12.9%
minx
12.6%
wa$$up
12.1%
the boss
11.4%
a.cian
11.2%
jinusean
11%
n.sonic
10.8%
m.pire
10.5%
a-prince
10.4%
phantom
10.2%
f-ve dolls
9.5%
myb
9.3%
lu:kus
9.2%
purfles
9%
101
8.7%
beat win
8.6%
a-peace
8.6%
big byung
8.4%
k-much
8.4%
t-max
8.1%
busker busker
7%
n.o.m
5.2%
a-ble
4.6%
zpzg
3.7%
year 7 class 1
3%
Quiz Playlist
Details
Report
Send in Message
Add To Playlist
Classic:
Type in answers that appear in a list
Last Updated: Aug 4, 2017
Quiz Scoreboard
CHALLENGE
Sign Up to Join the Scoreboard
Show All
Scores
Hide
Comments
May contain spoilers
Recently Published
Street Fighter Characters
by Artimus82
Gaming
60s
9x9 Crossword: Cartoon Network
by jackfrog10
Miscellaneous
3m
College Basketball Coaching Resumes
by pancakes188
Sports
9m
More to Explore
Quiz From the Vault
Featured Blog Post
Where Did the Easter Bunny Come From?
hide this ad
You Might Also Like...
Tags
Kpop Quiz
Kpop Quiz
Today's Top Quizzes in Music
Browse Music
hide this ad
Today's Top Quizzes in Kpop
Browse Kpop
Top Contributed Quizzes in Music
1
Taylor Swift All Songs (2024)
2
Guess the Artist- 70s Songs
3
7-to-1: Billboard Hot 100 #1 Hits of 2010s
4
Taylor Swift Logic Puzzle
5
Sorting Albums and Songs
6
KPOP LOGIC QUIZ
7
Guess the Taylor Swift song (Mystery Song)
8
Guess The Taylor Swift Lyrics Song #1
9
Billboard Blitz: ABBA
10
Billboard Blitz: The Beatles
Explore More
Trending Topics
Marvel
Disney
Kpop
Crossword
Anime
NBA
Harry Potter
Pokémon
Puzzle
WWE
Song
The Office
Country
NFL
Soccer
hide this ad
More By:
Petersinger
Quiz
Plays
Rating
Category
Featured
Created
Name the kpop groups!
3,197
4.20
Music
Feb 4, 2016
Go to Creator's Profile
Score Distribution
Quiz Creator Spotlight
Petersinger
Follow
Send a Message
Quizzes Created
-
Created Quiz Play Count
-
More By This Creator
Popular Quizzes Today
1
Find the US States - No Outlines Minefield
2
Find the Countries of Europe - No Outlines Minefield
3
The Countries of the World
4
Find the US States
5
Risky Map Clicking: Biggest States A-Z
6
US States
7
Popular People in 1961
8
Movies - When Are They Set?
More Music Quizzes
One-Syllable Bands
Quiz Lab
Trending Quizzes
Risky Map Clicking: Least Populous States A-Z
1-10 Letter G Words
Risky Map Clicking: Next State Alphabetically
Adjectives in 80s TV Shows
The Seven Year Switch: Catherine
Recently Updated
Leaping Animals
pecheneg
Reality TV Shows (A-Z)
bhenderson79
Rickey Henderson's Hall of Fame Teammates
pecheneg
Champions League XIs: Arsenal
pecheneg
Quick Pick: Celebrities in WWE's Hall of Fame
aduchscher
A-Z Keypad Blitz II
pecheneg
Multiple Oscar Actors
pecheneg
Mystery Phrase Blitz: Oscar 'Best Actors'
pecheneg
F. Scott Fitzgerald Novels
LTH
Pick 3 Villains
ddd62291
Trending Topics
Marvel
NBA
Kpop
Disney
Harry Potter
Anime
Crossword
The Office
Soccer
Country
WWE
NFL
Puzzle
Song
Pokémon
Your Account Isn't Verified!
In order to create a playlist on Sporcle, you need to verify the email address you used during registration. Go to your
Sporcle Settings
to finish the process.
Report this User
Report this user for behavior that violates our
Community Guidelines
.
Details:
Send Report
Go to the Sporcle.com Mobile Site →
Comments